00435nam a2200181Ia 4500003000400000005001700004006001900021007000300040008004100043024001000084037001200094040002000106041001300126082002000139100002000159245006500179260000900244OSt20220928150043.0a|||||r|||| 00| 0 ta220927b |||||||| |||| 00| 0 eng d a86932 cTextual aSDCLcSDCLbeng 2engaeng aX:8:(B2895), L6 aMelcher Arlyn J 0aStructure and process of organizations b A systems approach c1976